<?xml version="1.0" encoding="UTF-8"?>
<marc:record xmlns:marc="http://www.loc.gov/MARC21/slim">
   <marc:leader>00000nam a2200000 a 4500</marc:leader>
   <marc:datafield ind1="1" ind2=" " tag="100">
      <marc:subfield code="a">Almstädt, Eva</marc:subfield>
      <marc:subfield code="4">aut</marc:subfield>
      <marc:subfield code="e">Verfasser/-in</marc:subfield>
   </marc:datafield>
   <marc:datafield ind1="0" ind2="0" tag="245">
      <marc:subfield code="a">Ostseefluch</marc:subfield>
   </marc:datafield>
   <marc:datafield ind1="0" ind2="0" tag="245">
      <marc:subfield code="b">Kriminalroman</marc:subfield>
   </marc:datafield>
   <marc:datafield ind1="0" ind2="0" tag="245">
      <marc:subfield code="c">Eva Almstädt</marc:subfield>
   </marc:datafield>
   <marc:datafield ind1=" " ind2="1" tag="264">
      <marc:subfield code="a">Köln</marc:subfield>
      <marc:subfield code="b">Bastei Lübbe Taschenbuch</marc:subfield>
      <marc:subfield code="c">2012</marc:subfield>
   </marc:datafield>
   <marc:datafield ind1="1" ind2=" " tag="490">
      <marc:subfield code="a">Bastei-Lübbe-Taschenbuch</marc:subfield>
   </marc:datafield>
   <marc:datafield ind1="1" ind2=" " tag="520">
      <marc:subfield code="a">Im Garten eines verwahrlosten Anwesens auf Fehmarn wird die Leiche einer jungen Frau gefunden. Der Mord löst bei Einheimischen und Touristen ungläubiges Entsetzen aus. Doch die Eltern des Opfers scheinen etwas zu verschweigen. Stattdessen heißt es, dass auf dem alten Haus ein Fluch liegen soll. Pia Korittki, Kommissarin und alleinerziehende Mutter, glaubt nicht an Geistergeschichten. Aber dann geraten die Ermittlungen in eine Sackgasse, und Pia Korittki erkennt etwas Unglaubliches: dass es Zeit wird, sich mit dem Fluch zu befassen ...</marc:subfield>
   </marc:datafield>
   <marc:datafield ind1=" " ind2=" " tag="020">
      <marc:subfield code="a">9783404166299</marc:subfield>
      <marc:subfield code="9">9783404166299</marc:subfield>
   </marc:datafield>
   <marc:datafield ind1=" " ind2=" " tag="020">
      <marc:subfield code="a">3404166299</marc:subfield>
      <marc:subfield code="9">3404166299</marc:subfield>
   </marc:datafield>
   <marc:datafield ind1=" " ind2=" " tag="300">
      <marc:subfield code="a">365 S.</marc:subfield>
   </marc:datafield>
</marc:record>
